Представление документа в формате RUSMARC

ПолеНазваниеЗначение
  Тип записи a
  Библиографический уровень m
001 Контрольный номер 217bcaab25184ac68426bebc9fcbadef
005 Дата корректировки 20211223152555.6
010 Индекс ISBN __
a ISBN 978-5-9614-7140-3
b Уточнения рус.
d Цена 407-00
010 Индекс ISBN __
a ISBN 978-1-59184-456-3
b Уточнения англ.
010 Индекс ISBN __
a ISBN 978-5-9614-1150-8
b Уточнения серия
9 Тираж 14000 экз.
100 Данные общей обработки __
a Данные общей обработки 20211112d2020 me y0rusy028902 ca
101 Язык документа 1_
a Язык текста rus
c Язык оригинала eng
102 Страна публикации __
a Страна публикации RU
105 Кодированные данные (монография) __
a Кодированные данные (монография) # z 000yy
181 Поле кодированных данных: вид содержания _0
a Код вида содержания (ISBD) i
182 Поле кодированных данных: тип средства _0
a Код типа средства (ISBD) n
200 Заглавие и сведения об ответственности 1_
a Заглавие Харизма
e Сведения, относящиеся к заглавию как влиять, убеждать и вдохновлять
f Первые сведения об ответственности Оливия Фокс Кабейн ; перевод с английского [В. Владимирова]
203 Вид содержания и тип средства __
a Вид содержания Текст
c Тип средства непосредственный
210 Выходные данные 1_
a Место издания Москва
c Издательство Альпина Паблишер
d Дата издания 2020
215 Физическое описание __
a Объем 429 с.
d Формат 17 см
225 Серия 2_
a Серия Альпина саморазвитие
320 Библиография __
a Библиография Библиография: с. 399-400
330 Аннотация __
a Аннотация В переводе с греческого харизма означает «дар богов». Многие считают, что это врожденное качество, и воспринимают харизматичную личность чуть ли не как сверхчеловека. Автор этой книги, коуч-консультант, приглашенный лектор Стэнфордского, Йельского и Гарвардского университетов, спорит с общепринятым мнением и, более того, берется доказать, что харизма - это набор социальных навыков, которые можно развить с помощью методик и упражнений. По ее мнению, харизматичной личностью может стать любой. Разумеется, если захочет и приложит к этому силы. Автор считает, что, будь харизма врожденным качеством, люди на протяжении всей жизни постоянно очаровывали и вдохновляли бы окружающих. Но это не так - достаточно сравнить записи ранних выступлений Стива Джобса с его последними обращениями к публике. Следуя умным, глубоким и порой необычным советам автора, нужно помнить, что научиться можно многому, но свойственные харизматичной личности тепло и неподдельный интерес к собеседнику должны быть присущи вам всегда и идти изнутри.
454 Оригинал _0
1 2001
a The charisma myth
1 700 1
a Cabane
b O. F.
g Olivia Fox
517 Другие варианты заглавия 1_
a Другие варианты заглавия Как влиять, убеждать и вдохновлять
606 Тематические рубрики __
a Основная рубрика Психология
606 Тематические рубрики __
a Основная рубрика Социальная психология
610 Ключевые слова 0_
a Ключевые слова харизма
610 Ключевые слова 0_
a Ключевые слова обаяние
610 Ключевые слова 0_
a Ключевые слова качества личности
610 Ключевые слова 0_
a Ключевые слова харизматичное поведение
610 Ключевые слова 0_
a Ключевые слова харизматичность
610 Ключевые слова 0_
a Ключевые слова развитие харизмы
686 Индексы других классификаций __
2 Код системы rubbks
a Классификационный индекс 88.533
700 Автор _1
a Фамилия Кабейн
b Имя О. Ф.
g Полное личное имя Оливия Фокс
4 Код отношения 070
702 Вторичная интеллектуальная ответственность _1
a Фамилия Владимиров
b Имя В. В.
4 Код отношения 730
801 Источник записи _0
a Страна RU
b Организация Муниципальное бюджетное учреждение культуры "Централизованная библиотечная система" г. Сургут (Центральная городская библиотека им. А. С. Пушкина)
c Дата составления 20211112
g Правила каталогизации PSBO
801 Источник записи _2
a Страна RU
b Организация Муниципальное бюджетное учреждение культуры "Централизованная библиотечная система" г. Сургут (Центральная городская библиотека им. А. С. Пушкина)
c Дата составления 20211112
g Правила каталогизации PSBO
852 Данные о местонахождении __
j Шифр хранения 88.533
i Авторский знак К 12
900 Макрообъекты __
a Макрообъекты Харизма, 2020
901 Тип документа __
t Тип документа m
a Ответственный КиК/Котельникова
903 Характеристики (МАРС) __
a Дата передачи 20211112
c Наименование библиотеки (МАРС) Муниципальное бюджетное учреждение культуры "Централизованная библиотечная система" г. Сургут (Центральная городская библиотека им. А. С. Пушкина)
990 Данные о заказе (DOS) __
j Количество экземпляров (DOS) 3
t N записи в КСУ для И/У (DOS) 202111